Viajo desde Portugal a Dinamarca nombrando los países y lugares - Estadísticas

Estadísticas generales
  • Esta prueba ha sido intentada 65 veces
  • La puntuación promedio es 6 de 29
Answers on the Grid
Answers color-coded by a green-red scale on the quiz's grid according to % correct below.
Turquía
Berlin
Puente del Gran Belt
Países Bajos
Danubio
Escandinavia
Esbjerg
Sena
Amsterdam
Paris
Alemania
Selandia / Zelanda
Copenhague
Reikiavik
Estocolmo
Letonia
Oporto
Fráncfort
Suiza
Luxemburgo
Bonn
Bélgica
Andorra
Andorra la Vella
Lisboa
España
Disneyland
Dinamarca
Matterhorn
Mont Blanc
Grossglockner
Legoland
Rin
Baviera
Francia
Arco del Triunfo
Barcelona
Rotterdam
Keukenhof / Tulipanes
Mosa
Ródano
Polonia
Bayern
Madrid
Torre Eifel
República Checa
 
Estadísticas de respuestas
Respuesta % Correcto
Madrid
51%
España
49%
Francia
49%
Torre Eifel
44%
Berlin
39%
Paris
39%
Barcelona
34%
Alemania
32%
Lisboa
32%
Oporto
29%
Copenhague
24%
Sena
24%
Dinamarca
22%
Fráncfort
22%
Arco del Triunfo
20%
Bonn
17%
Disneyland
17%
Baviera
12%
Danubio
12%
Legoland
10%
Mont Blanc
10%
Puente del Gran Belt
10%
Rin
10%
Ródano
10%
Bayern
7%
Esbjerg
5%
Escandinavia
5%
Mosa
5%
Selandia / Zelanda
2%
No se encontraron pruebas coincidentes
Distribución de puntuación
Porcentaje de gente con cada puntuación
Porcentaje por número respondido
Historial de tus puntuaciones
No has intentado esta prueba.